Beszámoló a szakmai gyakorlatról

Bibliographic Details
Main Author: Gergely Ivett
Other Authors: Zelena Dr. András
Format: Final Paper
Kulcsszavak:Promóció
Szakmai gyakorlat
Panda Group Kft.
Online Access:http://dolgozattar.uni-bge.hu/15424

MARC

LEADER 00000nta a2200000 i 4500
001 dolg15424
005 20200427094915.0
008 180503suuuu hu o 000 hun d
040 |a BGE Dolgozattár Repozitórium  |b hun 
041 |a hu 
100 1 |a Gergely Ivett 
245 1 0 |a Beszámoló a szakmai gyakorlatról  |c Gergely Ivett  |h [elektronikus dokumentum] 
516 |a Final_paper 
695 |a Promóció 
695 |a Szakmai gyakorlat 
695 |a Panda Group Kft. 
700 1 |a Zelena Dr. András  |e ths 
856 4 0 |u http://dolgozattar.uni-bge.hu/15424/1/Gergely%20Ivett%20-%20Z%C3%A1r%C3%B3dolgozat.pdf  |z Dokumentum-elérés